=LDR 00000nam 2200000 4500 =001 INLIS000000000023952 =005 20201027085450 =035 ##$$a 0010-061300000023952 =008 201027################g##########0#eng## =041 ##$$a eng =082 ##$$a 320.959 856 =090 ##$$a 320.959, Sub e =100 1#$$a Subroto, Hendro =245 1#$$a Eyewitness to integration of East Timor. /$c Hendro Subroto =260 ##$$a Jakarta :$b Pustaka Sinar Harapan,$c 1997 =300 ##$$a xii, 279 hlm. : $b Ilus ; $c 22x15 cm. =650 #4$$a Timor Timur - politik pemerintah =850 ##$$a NBPNMAT =020 ##$$a 979-416-519-0 =084 ##$$a 320.959 856 SUB e =250 ##$$a cet.1 =990 ##$$a 00044616 =990 ##$$a 128.899 pro.98 =990 ##$$a 128.899 pro.98 =990 ##$$a 00044616 =990 ##$$a 00044616 =990 ##$$a 128.899 pro.98 =990 ##$$a 11611161 =990 ##$$a 1199900517 =990 ##$$a 00044616 =990 ##$$a 128.899 pro.98